Tribhuvan University Central Library

English for law (Record no. 43402)

MARC details
000 -LEADER
fixed length control field 006550000a22002890004500
082 ## - DEWEY DECIMAL CLASSIFICATION NUMBER
Classification number 344
Item number Y11e
020 ## - INTERNATIONAL STANDARD BOOK NUMBER
International Standard Book Number 81-7596-258-5
041 ## - LANGUAGE CODE
Language code of text/sound track or separate title Eng
005 - DATE AND TIME OF LATEST TRANSACTION
control field 20120907084936.0
100 ## - MAIN ENTRY--PERSONAL NAME
Personal name Yadugiri, M. A.
100 ## - MAIN ENTRY--PERSONAL NAME
Personal name Bhasker, Geetha
245 ## - TITLE STATEMENT
Title English for law
260 ## - PUBLICATION, DISTRIBUTION, ETC. (IMPRINT)
Place of publication, distribution, etc New Delhi
Name of publisher, distributor, etc Foundation Books, India
260 ## - PUBLICATION, DISTRIBUTION, ETC. (IMPRINT)
Date of publication, distribution, etc 2005
300 ## - PHYSICAL DESCRIPTION
Extent xxi, 569p.
Other physical details illus.
518 ## - DATE/TIME AND PLACE OF AN EVENT NOTE
Date/time and place of an event note 2008-01-29
530 ## - ADDITIONAL PHYSICAL FORM AVAILABLE NOTE
Additional physical form available note M
650 ## - SUBJECT ADDED ENTRY--TOPICAL TERM
Topical term or geographic name as entry element Law
650 ## - SUBJECT ADDED ENTRY--TOPICAL TERM
Topical term or geographic name as entry element Courses
650 ## - SUBJECT ADDED ENTRY--TOPICAL TERM
Topical term or geographic name as entry element English education
650 ## - SUBJECT ADDED ENTRY--TOPICAL TERM
Topical term or geographic name as entry element Educational standards
650 ## - SUBJECT ADDED ENTRY--TOPICAL TERM
Topical term or geographic name as entry element Grammar
650 ## - SUBJECT ADDED ENTRY--TOPICAL TERM
Topical term or geographic name as entry element Law
651 ## - SUBJECT ADDED ENTRY--GEOGRAPHIC NAME
Geographic name India
650 ## - SUBJECT ADDED ENTRY--TOPICAL TERM
Topical term or geographic name as entry element Jurisdiction college student
942 ## - ADDED ENTRY ELEMENTS (KOHA)
Koha item type General Collections
Holdings
Withdrawn status Lost status Damaged status Not for loan Home library Current library Date acquired Total Checkouts Barcode Date last seen Date checked out Price effective from Source of classification or shelving scheme Full call number Koha item type
        Tribhuvan University Central Library Tribhuvan University Central Library 06/20/2010 1 130066 08/14/2018 08/13/2018 06/20/2010      
        Tribhuvan University Central Library Tribhuvan University Central Library 01/24/2011   130065 01/24/2011   01/24/2011 Dewey Decimal Classification 344 Y11e General Collections